000 00746nam a2200205 a 4500
003 0
005 20250404085514.0
008 050809s19uu xx 00 eng d
050 _aPGS TX 553.M55.S87
_b.L473 2005
100 _aLedesma, Ma. Catherine Nicole C.
245 _aA survey on the product acceptability of brand X milk /
_cMa. Catherine Nicole C. Ledesma.
260 _aLas PiƱas City, Philippines :
_bSouthville International School and Colleges,
_c2005.
300 _a30 pages :
_billustrations ;
_c28 cm.
504 _aIncludes bibliographic references.
650 _aChocolate milk
_vEvaluation.
650 _aMilk
_vFlavor.
650 _aConsumer behavior.
650 _aProduct acceptability.
942 _2lcc
_cPASS
999 _c97386
_d97386